000 00378nam a2200145Ia 4500
008 220216s9999 xx 000 0 und d
100 _aJoseph M.
245 0 _aSoil fertility in relation to organic matter content
260 _bRubber
_c1995
300 _a5-Apr
650 _aNutrient availability
650 _aSoil fertility
650 _aSoil organic matter
942 _cML
999 _c72628
_d72628